000 00413nam a2200169Ia 4500
003 Ost
005 20260225132600.0
008 260225s9999||||xx |||||||||||||| ||und||
020 _a9782359350371
040 _cfsic
041 _afre
082 _a70.4
100 _aFABIEN LIENARD
_eAuteur
245 0 _aLA COMMUNICATION ELECTRONIQUE :
245 0 _bENJEUX DE LANGUES /
_cFABIEN LIENARD
942 _cكتاب
999 _c34707
_d34707